ბათუმის შოთა რუსთაველის სახელმწიფო უნივერსიტეტის ბიბლიოთეკა

Экологическое право / (ბიბ.ჩანაწერი № 36129)

000 -LEADER
fixed length control field 00813nam a2200253Ia 4500
001 - CONTROL NUMBER
control field 2029
003 - CONTROL NUMBER IDENTIFIER
control field GE_BSU
005 - DATE AND TIME OF LATEST TRANSACTION
control field 20190423150612.0
008 - FIXED-LENGTH DATA ELEMENTS--GENERAL INFORMATION
fixed length control field 181216s2008||||ru |||||||||||||| ||rus||
020 ## - INTERNATIONAL STANDARD BOOK NUMBER
International Standard Book Number 9785482016626
040 ## - CATALOGING SOURCE
Transcribing agency GE_BSU
041 ## - LANGUAGE CODE
Language code of text/sound track or separate title rus
080 ## - UNIVERSAL DECIMAL CLASSIFICATION NUMBER
Universal Decimal Classification number 349.6(075.8)
100 ## - MAIN ENTRY--PERSONAL NAME
Personal name Дубовик, Ольга Леонидовна
9 (RLIN) 406
245 ## - TITLE STATEMENT
Title Экологическое право /
Remainder of title Учебник.
250 ## - EDITION STATEMENT
Edition statement 2-е изд. доп. и перераб.
264 ## - PRODUCTION, PUBLICATION, DISTRIBUTION, MANUFACTURE, AND COPYRIGHT NOTICE
Place of production, publication, distribution, manufacture Москва :
Name of producer, publisher, distributor, manufacturer Проспект,
Date of production, publication, distribution, manufacture, or copyright notice 2008.
300 ## - PHYSICAL DESCRIPTION
Extent 688 стр.;
Other physical details 21 см.
653 ## - INDEX TERM--UNCONTROLLED
keyword ეკოლოგია
653 ## - INDEX TERM--UNCONTROLLED
keyword სამართალი
653 ## - INDEX TERM--UNCONTROLLED
keyword ეკოლოგიური სამართალი
700 ## - ADDED ENTRY--PERSONAL NAME
Personal name Кремер, Людвиг
Relator term автор
9 (RLIN) 407
942 ## - ADDED ENTRY ELEMENTS (KOHA)
Koha item type წიგნი
Source of classification or shelving scheme
ეგზემპლარები
Withdrawn status Lost status Source of classification or shelving scheme Damaged status Not for loan Permanent Location Current Location Shelving location Date acquired Cost, normal purchase price Full call number Barcode Date last seen Copy number Price effective from Koha item type Public note
          ბათუმის შოთა რუსთაველის სახელმწიფო უნივერსიტეტის მთავარი ბიბლიოთეკა ბათუმის შოთა რუსთაველის სახელმწიფო უნივერსიტეტის მთავარი ბიბლიოთეკა წიგნსაცავი 2018-12-17 25.00 349.6(075.8) Д-79 3843 2018-12-17 3843 2018-12-17 წიგნი 25 ლ.